Superhero Silhouettes Quiz Stats

 Plays Quiz Updated Mar 7, 2016

Challenge
Share
Tweet
Score 0/12 Timer 02:00
4 Plays Today
Silhouette Super Hero % Correct
1Spider-Man
97.9%
7The Incredible Hulk
96.3%
2Batman
96.1%
4Wolverine
95.5%
5Wonder Woman
90.7%
3Superman
90.4%
8Captain America
90.3%
12Silver Surfer
73.5%
9Iron Man
52.7%
11Night Crawler
48.4%
6Green Lantern
48.3%
10Gambit
45.7%

You're not logged in!

Compare scores with friends on all Sporcle quizzes.
Join for Free
OR
Log In

You Might Also Like...

Show Comments

Extras

Top Quizzes Today


Score Distribution

Your Account Isn't Verified!

In order to create a playlist on Sporcle, you need to verify the email address you used during registration. Go to your Sporcle Settings to finish the process.

Report this User

Report this user for behavior that violates our Community Guidelines.

Details: